000
00349 a2200157 4500
999
_c
11343
_d
11343
003
OSt
005
20230320184042.0
008
230320b ||||| |||| 00| 0 eng d
020
_a
9780582091078
082
_a
711CLA
100
_a
Clara H. Greed
245
_a
Introducing Town Planning
260
_b
Longman
300
_a
xi,279p.;
942
_2
ddc